|
|
|
|
| LEADER |
01110cam a2200289 7i4500 |
| 001 |
0000078964 |
| 005 |
20230801090000.0 |
| 020 |
|
|
|a 9781003230090 (electronic book)
|
| 090 |
0 |
0 |
|a TL796
|b .S27 2022
|
| 100 |
1 |
|
|a Sapaty, Peter,
|
| 245 |
1 |
0 |
|a Spatial grasp as a model for space-based control and management systems
|c Peter Simon Sapaty.
|
| 250 |
|
|
|a First edition.
|
| 264 |
|
|
|a Boca Raton:
|b CRC Press, Taylor & Francis Group,
|c 2022.
|
| 300 |
|
|
|a 1 online resource (xv, 185 pages):
|b text file, PDF.
|
| 336 |
|
|
|a text
|2 rdacontent
|
| 337 |
|
|
|a computer
|2 rdamedia
|
| 338 |
|
|
|a online resource
|2 rdacarrier
|
| 650 |
|
0 |
|a Satellite constellations
|
| 650 |
|
0 |
|a Artificial satellites --
|x Tracking
|
| 650 |
|
0 |
|a Space debris
|
| 650 |
|
0 |
|a Artificial satellites --
|x Control systems
|
| 650 |
|
0 |
|a Astronautics --
|x International cooperation
|
| 650 |
|
0 |
|a Multiagent systems
|
| 655 |
|
0 |
|a Electronic books
|
| 856 |
4 |
2 |
|u http://library.unisel.edu.my/web/guest/mylibrary
|
| 997 |
|
|
|a Engineering & Life Sciences, Faculty
|b Engineering, Department
|
| 999 |
|
|
|a EBO0021385
|b EBOOK
|c EBOOK
|e Electronic resources
|